000 00533nam a2200181 a 4500
001 000034368
005 20200930073648.0
008 111003s2005 xxua 000 0 spa d
020 _a1575544563
082 _a234
_bW582c, 2005
100 1 _aWhite, Ellen G.
_913861
245 1 3 _aEl camino a cristo /
_cEllen G. White.
260 _aEstados Unidos :
_bAsociación Publicadora Interamericana,
_c2005.
300 _a188 p. ;
_c17 cm.
650 4 _aSalvación
_93270
910 _aValidado. Control de calidad MFF
999 _c33859
_d33859
040 _aDO-SdBNP